000 00607cam a2200181 a 4500
001 12952558
005 20240215235211.0
008 020701s2001 ce i100 0 eng
020 _a9558037303
040 _aDLC
_cDLC
082 _222
_a320.
_bWHI.
245 0 0 _aWhither PA-UNP consensus? :
_bproceedings of a two-part seminar series held on 25th July 2000 and 5th August 2000.
260 _aColombo :
_bCentre for Policy Alternatives,
_c2001.
300 _a100 p. :
500 _a"Co-sponsored by Centre for Policy Alternatives and Friedrich Naumann Stiftung."
650 0 _aPolitical parties
942 _cL
999 _c401
_d401